000 00734cab a2200229 4500
001 ABS43677
008 090401t1990 xxu||||| |||| 00| 0 eng d
035 _a(Sirsi) u42931
041 _aeng
100 _aWeller, T.
245 _aBAS relief
260 _c1990
350 _a0
490 _aBuilding
_v255 (7631) 2 November 1990 63(1)
520 _aLloyds of London is participating in a government-sponsored research project to integrate computer-based building management systems hoping to convert BAS to CAD .
650 _aINTEGRATION
650 _aINTELLIGENT BUILDING SYSTEMS
650 _aOFFICE MANAGEMENT
690 _aMANAGEMENT-BUSINESS MANAGEMENT-INFORMATION MANAGEMENT
942 _n0
948 _c04/03/1997
999 _c27456
_d27456